The living world

Na minha lista:
Detalhes bibliográficos
Autor principal: George B. Johnson
Formato: Livro
Idioma:Undetermined
Publicado em: Boston, MA McGraw-Hill 2003
Assuntos:
Tags: Adicionar Tag
Sem tags, seja o primeiro a adicionar uma tag!
Thư viện lưu trữ: Trung tâm Học liệu Trường Đại học Cần Thơ
LEADER 00470nam a2200193Ia 4500
001 CTU_65632
008 210402s9999 xx 000 0 und d
020 |b 1716000 
082 |a 570 
082 |b J67 
100 |a George B. Johnson 
245 4 |a The living world 
245 0 |c George B. Johnson 
260 |a Boston, MA 
260 |b McGraw-Hill 
260 |c 2003 
650 |a biology 
904 |i Minh 
980 |a Trung tâm Học liệu Trường Đại học Cần Thơ